000 00540pab a2200181 454500
008 180718b2015 xxu||||| |||| 00| 0 eng d
100 _aBarrera-Osorio, Felipe
245 _aEvaluating the impact of public student subsidies on low-cost private schools in Pakistan
260 _c2015
300 _ap.808-825.
362 _aJul
650 _aStudents - Pakistan
650 _aPrivate education - Pakistan
650 _aPrivate education
700 _aRaju, Dhushyanth
773 _aJournal of Development Studies
909 _a109327
999 _c109322
_d109322